| 000 | 00348pab a2200145 454500 | ||
|---|---|---|---|
| 008 | 180718b1986 xxu||||| |||| 00| 0 eng d | ||
| 100 | _aKolay, M.K. | ||
| 245 |
_aHuman resource accounting _bAn appraisal |
||
| 260 | _c1986 | ||
| 300 | _a262-76 | ||
| 362 | _aMar. | ||
| 650 | _aManagement | ||
| 773 | _aASCI Journal Of Management | ||
| 909 | _a13025 | ||
| 999 |
_c13025 _d13025 |
||